Bandwagon Quiz - Texas Rangers - Statistics

General Stats
  • This quiz has been taken 47 times
  • The average score is 15 of 20
Answer Stats
Hint Answer % Correct
How many World Series titles do the Rangers have? 1
100%
In what Texas city do the Rangers play? Arlington
100%
What is the name of the ballpark where the Rangers play? Globe Life Field
100%
What other MLB team do the Rangers play in the "Silver Boot Series"? Houston Astros
94%
When located in Washington, the team was known as what? Senators
94%
What third basemen won the Platinum Glove back-to-back in 2011 and 2012? Adrian Beltre
92%
Who is the current manager of the Rangers? Bruce Bochy
92%
Who is the only player to win World Series MVP as a Ranger? Corey Seager
92%
Who set a record for throwing 301 strikeouts for the Rangers in 1989? Nolan Ryan
92%
What Rangers outfielder won both MVP and the Home Run Derby in 2010? Josh Hamilton
83%
What is the only MLB team to have won a World Series title at Globe Life Field? Los Angeles Dodgers
78%
What is the name of the Rangers' Triple-A affiliate? Round Rock Express
72%
What infamous shortstop won MVP for the Rangers in 2003? Alex Rodriguez
69%
What shortstop leads the Rangers in all-time hits? Michael Young
67%
What U.S. president famously threw the first pitch for the Rangers in 1969? Richard Nixon
64%
What is the name of the Rangers' mascot? Captain
61%
Who is the only Texas Ranger to throw a perfect game? Kenny Rogers
50%
The Texas Rangers did what for the first time ever in 2023? Win the World Series
50%
The record for attendance at Globe Life Field was set by a concert by what country singer? Morgan Wallen
39%
Who is the all-time leader in both wins and strikeouts? Charlie Hough
28%
No matching quizzes found
Score Distribution
Percent of People with Each Score
Percentile by Number Answered
Your Score History
You have not taken this quiz